000 00744nam 22002413 4500
001 199769
010 _a972-707-125-2
021 _aPT
_b144462/99
090 _a199769
100 _a20260107d u||y0pory50 ba
200 _aRoteiro do céu
_ecomo identificar facilmente as estrelas e as constelações sem se perder no céu
_fGuilherme de Almeida
205 _a
210 _aLisboa
_cPlátanos
_d1999
215 _a191 p.
_cil. ; brochado
_d24 cm
606 _92190
_aAstronomia. Astrofísica. Pesquisa Espacial.Geodésia
610 _aEstrelas
610 _aSistemas estrelas
610 _aUniverso
675 _a524
_vPT
_zpor
700 _915568
_aAlmeida
_bGuilherme de
_f1950-
801 _aPT
_bBMMN
_gRPC
830 _cAna
_fAna
990 _cLIVROS